000 00759nam a2200265Ia 4500
005 20260121170555.0
008 008 260114s9999 xx 000 0 eng d
020 _a9783319784823
037 _aEBOOK
040 _aCRL
040 _beng
040 _cCRL
041 _2eng
041 _aeng
084 _qCRL
100 _aDario Prandi, Jean-Paul Gauthier
_91065554
245 2 _aA Semidiscrete Version of the Citti-Petitot-Sarti Model as a Plausible Model for Anthropomorphic Image Reconstruction and Pattern Recognition
260 _bSpringer
260 _bSpringer
260 _c2018
856 _uhttps://link.springer.com/openurl?genre=book&isbn=978-3-319-78482-3
942 _cEBOOK
999 _c1631284
_d1631284